| 000 | 00481nam a22001697a 4500 | ||
|---|---|---|---|
| 999 |
_c62269 _d62269 |
||
| 005 | 20240909140222.0 | ||
| 008 | 240909c2017 enk||||| |||| 00| 0 eng d | ||
| 022 | _a0017 8322 | ||
| 041 | _aeng | ||
| 245 |
_aHastings Law Journal : _b2017 / _cEditor A. Holtz. |
||
| 260 |
_aCalifornia, _c2017. |
||
| 300 | _aV. | ||
| 653 | _a სამართალი | ||
| 653 | _a პერიოდიკა | ||
| 700 |
_aHoltz, A. _eრედაქტორი _923191 |
||
| 942 |
_2udc _cCR |
||